Pays avec un ou plusieurs H - Statistiques

Statistiques générales
  • Ce quiz a été pris 2 502 fois
  • Le résultat moyen est 16 sur 27
Statistiques - réponses
Nombre de H Pays % Correct
H Honduras
89%
H Hongrie
89%
H Chine
88%
H Chili
74%
H Haïti
74%
H Afghanistan
71%
H Kazakhstan
67%
H Bhoutan
64%
H Chypre
63%
H Kirghizistan
63%
H Thaïlande
63%
H Ghana
61%
H Bosnie-Herzégovine
57%
H Bahreïn
56%
H Ethiopie
56%
H Philippines
55%
H République tchèque
55%
H Autriche
54%
H Erythree
54%
H Liechtenstein
54%
H Bahamas
52%
H Bangladesh
50%
HH Saint-Christophe-et-Niévès
50%
H Seychelles
50%
H Tchad
50%
H Lesotho
45%
H Iles Marshall
42%
Aucun quiz correspondant
Distribution des résultats
% des personnes avec chaque résultat
Percentile par nombre de réponses
Votre historique - résultats
Vous n’avez pas pris ce quiz